Facultad de Derecho – Universidad Nacional de Mar del Plata

Revista jurýdica de mar del plata (Record no. 1291)

MARC details
000 -LEADER
fixed length control field 00801cam a22002777a 4500
001 - CONTROL NUMBER
control field 001300
003 - CONTROL NUMBER IDENTIFIER
control field armpunfd
005 - DATE AND TIME OF LATEST TRANSACTION
control field 20140612090636.0
008 - FIXED-LENGTH DATA ELEMENTS--GENERAL INFORMATION
fixed length control field 031118e0####xx#a##########000#0#und#d
040 ## - CATALOGING SOURCE
Original cataloging agency armpunfd
Transcribing agency armpunfd
080 ## - UNIVERSAL DECIMAL CLASSIFICATION NUMBER
Universal Decimal Classification number 34 R327
245 10 - TITLE STATEMENT
Title Revista jurýdica de mar del plata
260 ## - PUBLICATION, DISTRIBUTION, ETC. (IMPRINT)
Place of publication, distribution, etc Uenos Aires : Gowa
Name of publisher, distributor, etc 2002.
650 #7 - SUBJECT ADDED ENTRY--TOPICAL TERM
Topical term or geographic name as entry element Actos Ilicitos
Source of heading or term LEMB
650 #7 - SUBJECT ADDED ENTRY--TOPICAL TERM
Topical term or geographic name as entry element Compraventa
Source of heading or term LEMB
650 #7 - SUBJECT ADDED ENTRY--TOPICAL TERM
Topical term or geographic name as entry element Contrato De Trabajo
Source of heading or term LEMB
650 #7 - SUBJECT ADDED ENTRY--TOPICAL TERM
Topical term or geographic name as entry element Convertibilidad
Source of heading or term LEMB
650 #7 - SUBJECT ADDED ENTRY--TOPICAL TERM
Topical term or geographic name as entry element Delito Informatico
Source of heading or term LEMB
650 #7 - SUBJECT ADDED ENTRY--TOPICAL TERM
Topical term or geographic name as entry element Emergencia Economica
Source of heading or term LEMB
650 #7 - SUBJECT ADDED ENTRY--TOPICAL TERM
Topical term or geographic name as entry element Internet
Source of heading or term LEMB
650 #7 - SUBJECT ADDED ENTRY--TOPICAL TERM
Topical term or geographic name as entry element Pesca Maritima
Source of heading or term LEMB
650 #7 - SUBJECT ADDED ENTRY--TOPICAL TERM
Topical term or geographic name as entry element Responsabilidad Civil
Source of heading or term LEMB
650 #7 - SUBJECT ADDED ENTRY--TOPICAL TERM
Topical term or geographic name as entry element Responsabilidad Objetiva
Source of heading or term LEMB
942 ## - ADDED ENTRY ELEMENTS (KOHA)
Koha item type LIBRO
Source of classification or shelving scheme
945 ## - LOCAL PROCESSING INFORMATION (OCLC)
a Catalis
d 2010-08-19
Holdings
Withdrawn status Lost status Source of classification or shelving scheme Damaged status Not for loan Home library Current library Shelving location Date acquired Total Checkouts Full call number Barcode Date last seen Price effective from Koha item type
          Bib. Derecho Bib. Derecho Sector Prestamo 12/06/2014   34 R327 200962 12/06/2014 12/06/2014 LIBRO

XHTML | CSS | ©Biblioteca Central - Dto. Tecnología de la Información - [ Con tecnología Koha ]